3 Flops, 1 Actor Quiz Stats

 Plays Quiz Updated Jun 10, 2016

Challenge
Share
Tweet
Embed
Score 0/30 Timer 06:00
3 Plays Today
% Correct
Adam Sandler
83.4%
Halle Berry
80.9%
John Travolta
79%
Ben Affleck
77.4%
Harrison Ford
74.1%
Matthew McConaughey
71%
Nicolas Cage
70.8%
Brendan Fraser
69.3%
Johnny Depp
69%
Jennifer Lopez
65.4%
Val Kilmer
64.3%
Bruce Willis
63.5%
Will Ferrell
60.5%
Sharon Stone
58.9%
Jeff Bridges
57.1%
% Correct
Colin Farrell
56.7%
Antonio Banderas
55.3%
Drew Barrymore
54.5%
Angelina Jolie
52.8%
Demi Moore
51.5%
Kevin Spacey
51%
Dustin Hoffman
47.9%
Cuba Gooding, Jr.
46.6%
Robert De Niro
46.3%
Anthony Hopkins
46.1%
Uma Thurman
45.2%
Sylvester Stallone
45.1%
Nicole Kidman
42.8%
Warren Beatty
42.7%
Michael Caine
42%

You're not logged in!

Compare scores with friends on all Sporcle quizzes.
Join for Free
OR
Log In

You Might Also Like...

Show Comments

Extras

Top Quizzes Today


Score Distribution

Your Account Isn't Verified!

In order to create a playlist on Sporcle, you need to verify the email address you used during registration. Go to your Sporcle Settings to finish the process.

Report this User

Report this user for behavior that violates our Community Guidelines.

Details: